|
|
|
|
| LEADER |
03196nam a2200697 4500 |
| 001 |
ocn885148391 |
| 003 |
OCoLC |
| 005 |
20170124072022.3 |
| 006 |
m o d |
| 007 |
cr ||||||||||| |
| 008 |
140801s2014 mau ob 001 0 eng |
| 010 |
|
|
|a 2014030818
|
| 040 |
|
|
|a DLC
|b eng
|e rda
|e pn
|c DLC
|d OCLCO
|d N$T
|d E7B
|d DG1
|d YDXCP
|d TEFOD
|d COO
|d B24X7
|d TEFOD
|d OCLCQ
|d OCLCO
|d DEBBG
|d GrThAP
|
| 019 |
|
|
|a 961515221
|a 962633567
|
| 020 |
|
|
|a 9781118938607
|q (electronic bk.)
|
| 020 |
|
|
|a 1118938607
|q (electronic bk.)
|
| 020 |
|
|
|a 9781118938584
|q (electronic bk.)
|
| 020 |
|
|
|a 1118938585
|q (electronic bk.)
|
| 020 |
|
|
|a 9781118938577
|q (electronic bk.)
|
| 020 |
|
|
|a 1118938577
|q (electronic bk.)
|
| 020 |
|
|
|a 1118938569
|q (cloth ;
|q alk. paper)
|
| 020 |
|
|
|a 9781118938560
|q (cloth ;
|q alk. paper)
|
| 020 |
|
|
|z 9781118938560
|q (cloth ;
|q alk. paper)
|
| 029 |
1 |
|
|a CHBIS
|b 010259835
|
| 029 |
1 |
|
|a CHVBK
|b 325939659
|
| 029 |
1 |
|
|a GBVCP
|b 814846254
|
| 029 |
1 |
|
|a NZ1
|b 15909352
|
| 029 |
1 |
|
|a DEBBG
|b BV043397013
|
| 035 |
|
|
|a (OCoLC)885148391
|z (OCoLC)961515221
|z (OCoLC)962633567
|
| 037 |
|
|
|a A18F2466-5B9A-4BC9-91A2-95E3C639C2AF
|b OverDrive, Inc.
|n http://www.overdrive.com
|
| 042 |
|
|
|a pcc
|
| 050 |
1 |
0 |
|a TN871.37
|
| 072 |
|
7 |
|a TEC
|x 026000
|2 bisacsh
|
| 082 |
0 |
0 |
|a 622/.33827
|2 23
|
| 049 |
|
|
|a MAIN
|
| 245 |
0 |
0 |
|a Gas injection for disposal and enhanced recovery /
|c edited by Ying (Alice) Wu, Sphere Technology Connection, John J. Carroll, Gas Liquids Engineering, Qi Li, Chinese Academy of Sciences.
|
| 263 |
|
|
|a 1410
|
| 264 |
|
1 |
|a Beverly, MA :
|b Scrivener Publishing,
|c [2014]
|
| 300 |
|
|
|a 1 online resource.
|
| 336 |
|
|
|a text
|b txt
|2 rdacontent
|
| 337 |
|
|
|a computer
|b c
|2 rdamedia
|
| 338 |
|
|
|a online resource
|b cr
|2 rdacarrier
|
| 490 |
1 |
|
|a Advances in Natural Gas Engineering
|
| 504 |
|
|
|a Includes bibliographical references and index.
|
| 588 |
0 |
|
|a Print version record and CIP data provided by publisher; resource not viewed.
|
| 520 |
|
|
|a "This is the fourth volume in a series of books focusing on natural gas engineering, focusing on two of the most important issues facing the industry today: disposal and enhanced recovery of natural gas. This volume includes information for both upstream and downstream operations, including chapters on shale, geological issues, chemical and thermodynamic models, and much more."--
|c Unedited summary from book.
|
| 650 |
|
0 |
|a Oil wells
|x Gas lift.
|
| 650 |
|
0 |
|a Gas wells.
|
| 650 |
|
0 |
|a Carbon dioxide
|x Industrial applications.
|
| 650 |
|
0 |
|a Geological carbon sequestration.
|
| 650 |
|
0 |
|a Atmospheric carbon dioxide
|x Storage.
|
| 650 |
|
7 |
|a TECHNOLOGY & ENGINEERING
|x Mining.
|2 bisacsh
|
| 655 |
|
4 |
|a Electronic books.
|
| 655 |
|
0 |
|a Electronic books.
|
| 700 |
1 |
|
|a Wu, Ying
|c (Petroleum engineer),
|e editor.
|
| 700 |
1 |
|
|a Carroll, John J.,
|d 1958-
|e editor.
|
| 700 |
1 |
|
|a Li, Qi
|c (Geologist),
|e editor.
|
| 776 |
0 |
8 |
|i Print version:
|t Gas injection for disposal and enhanced recovery.
|d Beverly, MA : Scrivener Publishing, [2014]
|z 9781118938560
|w (DLC) 2014029626
|
| 830 |
|
0 |
|a Advances in natural gas engineering.
|
| 856 |
4 |
0 |
|u https://doi.org/10.1002/9781118938607
|z Full Text via HEAL-Link
|
| 994 |
|
|
|a 92
|b DG1
|